00452 2200193 4500001002100000005001500021008004100036035002000077082000800097084001400105100001700119245003100136250000600167260003500173300001200208650001400220990001200234990001200246INLIS00000000000009220240502104330240502 1 ind  a0010-0424000068 a200 a200 AJI n aWijiono, Aji1 aNeraca Amal /cAji Wijiono a1 aJakarta :bTinta Medina,c2014 a186 hlm 4aNon Fiksi a0732567 a0732568